| 000 | 02074nam0a22003851 4500 | ||
|---|---|---|---|
| 001 | v19\rc\1735686 | ||
| 005 | 20260407064447.0 | ||
| 035 | _a(NLR Aleph) 005247847 | ||
| 090 |
_a5772720 _c5772720 |
||
| 100 | _a20061002e19011901|||y0rusy50 ca | ||
| 101 | 0 | _arus | |
| 102 | _aRU | ||
| 105 | _ay z ||||| | ||
| 135 | _acrcn 024anaba | ||
| 200 | 1 |
_aПять вновь открытых икон кисти Симона Ушакова _fА.И. Успенский, тов. пред. Церк.-археол. отд. |
|
| 210 |
_aМосква _cизд. при Церк.-археол. отд. О-ва любителей духов. просвещения _d1901 |
||
| 215 |
_a16 с. _d24 |
||
| 311 | _aОтт. из "Моск. церк. вед." 1901 г., № 34 и 35 | ||
| 325 | _aКопия доступна в Электрон. б-ке РНБ | ||
| 488 | 0 |
_12001#$aМосковские церковные ведомости$v1901, № 34, 35 _tМосковские церковные ведомости |
|
| 700 | 1 |
_8rus _7ca _aУспенский _bА. И. _cд-р богословия, искусствовед _f1873-1938 _gАлександр Иванович _3RU\NLR\auth\7714642 _9124313 |
|
| 702 | 1 |
_8rus _7ca _aУшаков _bС. Ф. _f1626-1686 _gСимон Федорович _3RU\NLR\AUTH\7742481 _925425 |
|
| 801 | 2 |
_aRU _bNLR _c20070912 _2rusmarc |
|
| 801 | 0 |
_aRU _bNLR _c20061002 _gpsbo |
|
| 801 | 0 |
_aRU _bRuMoRGB _c20061002 _2psbo |
|
| 801 | 1 |
_aRU _bProSoft-M _c20061002 _2rusmarc |
|
| 852 |
_aNLR _j18.336.3.125 |
||
| 901 | _eКнижные издания | ||
| 942 | _cBOOK | ||
| 980 | _aNB | ||
| 981 | 4 | 4 | _a(44) Оцифровано по рекомендациям читателей |
| 981 | 2 | 2 |
_a(22) Материалы по истории России _b(22) Религиозные конфессии |
| 981 | 2 | 2 |
_a(22) Материалы по истории России _b(22) История России до 25 октября (7 ноября) 1917 года |